Kinetic speciation of Co(II), Ni(II), Cu(II), Zn(II) in model solutions and freshwaters : Lability and the d electron configuration /

সংরক্ষণ করুন:
গ্রন্থ-পঞ্জীর বিবরন
অন্যান্য লেখক: Back, Margaret H., Chakrabarti, Chuni L., Gregoire, D. Conrad., Hassan, Nouri M., Mandal, Rupasri., Murimboh, John., Sekaly, Amina L. R., Younes, Mufida E. Ben.
বিন্যাস: প্রবন্ধ
ভাষা:English
বিষয়গুলি:
ট্যাগগুলো: ট্যাগ যুক্ত করুন
কোনো ট্যাগ নেই, প্রথমজন হিসাবে ট্যাগ করুন!
Thư viện lưu trữ: Thư viện Trường Đại học Đà Lạt
LEADER 01170nam a2200373 4500
001 DLU090093427
005 ##20091201
040 # # |a DLU  |b eng 
041 # # |a eng 
044 # # |a us 
245 # # |a Kinetic speciation of Co(II), Ni(II), Cu(II), Zn(II) in model solutions and freshwaters : Lability and the d electron configuration /  |c Amina L. R. Sekaly ... [et al.]. 
653 # # |a Electronic structure 
653 # # |a Geochemistry 
653 # # |a Heavy metal 
653 # # |a Speciation 
653 # # |a Water pollution 
700 # # |a Back, Margaret H. 
700 # # |a Chakrabarti, Chuni L. 
700 # # |a Gregoire, D. Conrad. 
700 # # |a Hassan, Nouri M. 
700 # # |a Mandal, Rupasri. 
700 # # |a Murimboh, John. 
700 # # |a Sekaly, Amina L. R. 
700 # # |a Younes, Mufida E. Ben. 
773 # # |t Environmental Science & Technology  |g Vol. 37, no. 1 (January 2003), p. 68-74 
920 # # |a Phòng Tạp chí -- Trung tâm Thông tin - Thư viện Trường Đại học Đà Lạt 
994 # # |a DLU 
900 # # |a True 
911 # # |a Trương Bảo Trâm Anh 
925 # # |a G 
926 # # |a A 
927 # # |a BB 
980 # # |a Thư viện Trường Đại học Đà Lạt